Nghệ thuật nói trước công chúng /

Cuốn sách giới thiệu với bạn đọc từ bước chuẩn bị đề tài, viết, đọc, cử chỉ khi nói chuyện...đến âm điệu, nhịp điệu của giọng nói.

Spremljeno u:
Bibliografski detalji
Glavni autor: Saint-Laurent, Raymond De.
Daljnji autori: Minh Đạo (dịch.)
Format: Knjiga
Jezik:Vietnamese
Izdano: Hà Nội : Văn hoá thông tin, 2000.
Teme:
Oznake: Dodaj oznaku
Bez oznaka, Budi prvi tko označuje ovaj zapis!
Thư viện lưu trữ: Mạng thư viện Đại học Đà Nẵng
LEADER 01141cam a2200349 i 4500
001 000046649
003 6150
005 20030911142608.0
008 010307b2000 vm 000 vie
020 |c 19000 
040 |a IRC  |c IRC  |d IRC 
041 1 |a vie 
082 1 4 |a 808.51  |b SA-R 
100 1 |a Saint-Laurent, Raymond De. 
245 0 0 |a Nghệ thuật nói trước công chúng /  |c Raymond De Saint-Laurent ; Minh Đạo dịch ; Phạm Hảo hiệu đính. 
260 |a Hà Nội :  |b Văn hoá thông tin,  |c 2000. 
300 |a 208tr. ;  |c 19cm. 
520 3 |a Cuốn sách giới thiệu với bạn đọc từ bước chuẩn bị đề tài, viết, đọc, cử chỉ khi nói chuyện...đến âm điệu, nhịp điệu của giọng nói. 
630 0 4 |a Hùng biện. 
630 0 4 |a Nghệ thuật nói. 
650 0 4 |a Nghệ thuật diễn thuyết. 
700 1 |a Minh Đạo,  |e dịch. 
OWN |a DUT 
999 |a From the UDN01 
TYP |a Monograph 
TYP |a Printed language 
980 |a Mạng thư viện Đại học Đà Nẵng